00476nam a2200193 a 4500001001300000003000900013005001700022008004100039020002300080082001500103100002000118245001700138260002600155300000900181500003500190505002000225650001700245700002000262nice12345678IN_TiNIC20260116015005.0080418s2000 usaa grp 000 0 eng  a0849942950 c63000a232.4bHAN aHanegraff, Hank aResurrection aUSAbWord Book c2000 a280p aincludes index and biblioraphy2 abiblio, indices aResurrection1 aHanegraff, Hank